Loading...
| Geography | 0 | 5 | 0 | 0 | 50 | 60 | 79.80 | 0 | 3 | 0.00 | 0.00 |
| Fine Arts - Other | 0 | 3 | 0 | 1 | 30 | 103 | 127.00 | 0 | 0 | 0.00 | 0.00 |
| Any History | 0 | 3 | 0 | 2 | 30 | 129 | 134.00 | 0 | 0 | 0.00 | 0.00 |
| Literature - British | 0 | 3 | 0 | 0 | 30 | 138 | 143.00 | 0 | 0 | 0.00 | 0.00 |
| Literature - European | 0 | 3 | 0 | 0 | 30 | 65 | 86.00 | 0 | 1 | 0.00 | 0.00 |
| Science - Other | 0 | 2 | 0 | 1 | 20 | 107 | 119.50 | 0 | 0 | 0.00 | 0.00 |
| Painting & Sculpture | 0 | 2 | 0 | 0 | 20 | 129 | 132.00 | 0 | 0 | 0.00 | 0.00 |
| Literature - American | 0 | 2 | 1 | 1 | 15 | 134 | 140.50 | 0 | 0 | 0.00 | 0.00 |
| Mythology | 0 | 1 | 0 | 0 | 10 | 90 | 90.00 | 0 | 0 | 0.00 | 0.00 |
| History - American | 0 | 1 | 0 | 0 | 10 | 122 | 122.00 | 0 | 0 | 0.00 | 0.00 |
| Social Science | 0 | 1 | 0 | 0 | 10 | 128 | 128.00 | 0 | 0 | 0.00 | 0.00 |
| Literature - World | 0 | 1 | 0 | 0 | 10 | 149 | 149.00 | 0 | 0 | 0.00 | 0.00 |
| Current Events | 0 | 1 | 0 | 0 | 10 | 115 | 115.00 | 0 | 1 | 0.00 | 0.00 |
| History - World | 0 | 1 | 3 | 0 | -5 | 66 | 66.00 | 1 | 1 | 0.00 | 0.00 |
| Religion | 0 | 0 | 1 | 0 | -5 | 0.00 | 0 | 0 | 0.00 | 0.00 |